Asian Capital Cities: from Furthest to Closest to Ulaan Baatar - Statistics

General Stats
  • This quiz has been taken 104 times
  • The average score is 32 of 47
Answer Stats
RANK DISTANCE (km) CAPITAL CITY % Correct
1 6,725 Sanaa - D.. - j..
88%
47 1,170 Beijing
86%
6 5,995 Jakarta - B.. - d..
78%
46 1,810 Pyongyang - B..
78%
4 6,090 Amman - N.. - j..
77%
3 6,157 Jerusalem - A.. - n..
77%
45 1,997 Seoul - P.. - b..
77%
8 5,957 Damascus - R.. - m..
75%
9 5,812 Riyadh - M.. - a..
75%
2 6,520 Dili - J.. - a..
73%
20 4,985 Kuala Lumpur - Y.. - t..
73%
18 5,173 Singapore - M.. - k..
73%
7 5,989 Beirut - D.. - r..
72%
13 5,410 Doha - K.. - b..
69%
35 3,224 Islamabad - D.. - t..
69%
39 2,983 Hanoi - K.. - t..
67%
40 2,917 Kathmandu - T.. - t..
67%
32 3,327 New Delhi - N.. - d..
67%
5 6,057 Nicosia - J.. - b..
67%
38 3,014 Tokyo - H.. - k..
67%
21 4,933 Yerevan - T.. - b..
67%
11 5,781 Ankara - M.. - d..
66%
44 2,564 Astana - S.. - p..
66%
29 3,832 Bangkok - K.. - v..
66%
30 3,449 Kabul - V.. - n..
66%
14 5,376 Kuwait City - B.. - a..
66%
15 5,370 Baghdad - A.. - c..
64%
22 4,823 Tbilisi - B.. - t..
64%
24 4,695 Tehran - B.. - a..
64%
16 5,261 Abu Dhabi - C.. - s..
63%
10 5,798 Male - A.. - m..
63%
12 5,410 Manama - D.. - k..
63%
28 3,915 Manila - B.. - k..
63%
37 3,048 Tashkent - T.. - h..
63%
31 3,343 Vientiane - N.. - n..
63%
23 4,823 Bandar Seri Begawan - T.. - b..
61%
17 5,213 Colombo - S.. - m..
61%
19 5,019 Muscat - K.. - y..
61%
27 4,033 Phnom Penh - M.. - b..
61%
41 2,845 Taipei - T.. - b..
61%
25 4,529 Baku - A.. - p..
59%
43 2,570 Bishkek - A.. - s..
59%
42 2,717 Thimphu - B.. - a..
59%
26 4,038 Ashgabat - P.. - m..
58%
36 3,055 Dhaka - T.. - t..
58%
34 3,228 Dushanbe - I.. - d..
58%
33 3,271 Nay Pyi Taw - D.. - i..
56%
No matching quizzes found
Score Distribution
Percent of People with Each Score
Percentile by Number Answered
Your Score History
You have not taken this quiz